书目信息 |
| 题名: |
水利水电工程施工组织与管理
|
|
| 作者: | 钟汉华 , 薛建荣 主编 | |
| 分册: | ||
| 出版信息: | 北京 中国水利水电出版社 2005.08 |
|
| 页数: | 241页 | |
| 开本: | 24cm | |
| 丛书名: | 全国高职高专水利水电类精品规划教材 | |
| 单 册: | ||
| 中图分类: | TV512 | |
| 科图分类: | ||
| 主题词: | 水利工程--工程施工--计划 , 水利工程--施工管理 , 水利工程--施工组织--高等学校:技术学校--教材--施工设计 | |
| 电子资源: | ||
| ISBN: | 7-5084-3162-6 | |
| 000 | 00860nam0 2200241 450 | |
| 001 | 0650318203 | |
| 005 | 20061010162951.00 | |
| 010 | @a7-5084-3162-6@dCNY 23.00 | |
| 100 | @a20060818d2005 km y0chiy0120 ea | |
| 101 | 0 | @achi |
| 200 | 1 | @a水利水电工程施工组织与管理@Ashui li shui dian gong cheng shi gong zu zhi yu guan li@f主编钟汉华,薛建荣@Fzhu bian zhong han hua,xue jian rong |
| 210 | @a北京@c中国水利水电出版社@d2005.08 | |
| 215 | @a241页@d24cm | |
| 225 | 2 | @a全国高职高专水利水电类精品规划教材 |
| 410 | 0 | @12001 @a全国高职高专水利水电类精品规划教材 |
| 606 | 0 | @a水利工程@x工程施工@x计划 |
| 606 | 0 | @a水利工程@x施工管理 |
| 606 | 0 | @a水利工程@x施工组织@x高等学校:技术学校@x教材@x施工设计 |
| 690 | @aTV512@v4 | |
| 701 | 0 | @a钟汉华@Azhong han hua@4主编 |
| 701 | 0 | @a薛建荣@Axue jian rong@4主编 |
| 801 | @aCN@c20061010 | |
| 905 | @a10447@dTV512@eZ728 | |
| 水利水电工程施工组织与管理/主编钟汉华,薛建荣.-北京:中国水利水电出版社,2005.08 |
| 241页;24cm.-(全国高职高专水利水电类精品规划教材) |
| ISBN 7-5084-3162-6:CNY 23.00 |
| ● |
| 相关链接 |
|
|
|
正题名:水利水电工程施工组织与管理
索取号:TV512/Z728
 
预约/预借
| 序号 | 登录号 | 条形码 | 馆藏地/架位号 | 状态 | 备注 |
| 1 | 609043 | 206090433 | 自科库501/501自科库 78排1列5层/ [索取号:TV512/Z728] | 在馆 | |
| 2 | 609044 | 206090442 | 自科库501/501自科库 78排1列5层/ [索取号:TV512/Z728] | 在馆 |